000 00808nas a2200265 4500
001 BR9204851
003 BR-BrBNA
005 20231205092803.0
007 ta
008 230509b bl.|||p| |||| 00| 00por d
040 _aBR-BrBNA
_bpor
_cBiblioteca Nacional de Agricultura
041 _a(Pt)
072 _aH10
100 1 _aGoncalves, W.
100 1 _aFaria, A.M.
245 1 _aInseticidas sistemicos granulados no controle de ninfas moveis das cigarras e seus efeitos na produtividades de cafeeiros
650 _aCAFE
650 _aINSETICIDA SISTEMICO
650 _aPRODUTIVIDADE
650 _aCIGARRA
650 _aCONTROLE QUIMICO
773 0 _tBragantia (Brazil)
_xISSN 0006-8705
_g(1989), v. 48(1) p. 95-108
_wBR9204851
909 _a202311
_bLúcia
_c55
_dLúcia Elande
942 _2AGRIS
_n0
_cANA
999 _c134177
_d134177